| 000 | 01360nam a22002895i 4500 | ||
|---|---|---|---|
| 001 | 54860 | ||
| 003 | ES-MaACL | ||
| 005 | 20250927063035.0 | ||
| 007 | t| | ||
| 008 | 950921s1811 sp ||||1| spa d | ||
| 040 |
_aCAM _bspa _cCAM |
||
| 100 | 1 |
_aGallardo, Bartolomé José, _d1776-1852 _953478 |
|
| 245 | 1 | 0 |
_aApología de los palos dados al Excmo. Sr. D. Lorenzo Calvo por el Teniente-Coronel D. Joaquín de Osma / _cpublícala en obsequio de las Armas y las Letras el Licenciado Palomeque, pretendiente de varas y soldado voluntario (porque Dios quiere). |
| 250 | _aUltima ed./ con notas del Dr. Encina. | ||
| 260 |
_a[S.l. : _bs.n.], _c1811 ( _fManuel Santiago de Quintana) |
||
| 300 |
_a24, [2] p. ; _c21 cm. |
||
| 530 | _aDisponible en formato digital. | ||
| 593 | _aPseudónimo de Bartolomé José Gallardo. | ||
| 594 | _aEl "licenciado Palomeque" es seudónimo de Bartolomé José Gallardo. | ||
| 600 | 0 | 4 |
_aCalvo, Lorenzo. _933853 |
| 600 | 0 | 4 |
_aOsma, Joaquín de. _987758 |
| 651 | 4 |
_aEspaña- _xHistoria- _y1808-1814, Guerra de la Independencia _98244 |
|
| 700 | 0 |
_aEncina _c, Dr. _947174 |
|
| 852 |
_aES-MaACL _jR-3318(22) _z- Enc. en un vol. facticio con otras obras formando "Miscelanea patriotica" |
||
| 856 |
_uhttp://bdh-rd.bne.es/viewer.vm?id=0000168925&page=1 _zBiblioteca Digital Hispánica |
||
| 999 |
_c54860 _d54860 |
||